Xã hội học tôn giáo
Сохранить в:
| Главный автор: | |
|---|---|
| Формат: | |
| Язык: | Undetermined |
| Опубликовано: |
Hà Nội
Đại học Quốc gia
2002
|
| Предметы: | |
| Метки: |
Добавить метку
Нет меток, Требуется 1-ая метка записи!
|
| Thư viện lưu trữ: | Trung tâm Học liệu Trường Đại học Cần Thơ |
|---|
| LEADER | 00664nam a2200205Ia 4500 | ||
|---|---|---|---|
| 001 | CTU_237475 | ||
| 008 | 210402s9999 xx 000 0 und d | ||
| 082 | |a 306.6 | ||
| 082 | |b H100 | ||
| 100 | |a Vũ, Quang Hà | ||
| 245 | 0 | |a Xã hội học tôn giáo | |
| 245 | 0 | |c Vũ Quang Hà | |
| 260 | |a Hà Nội | ||
| 260 | |b Đại học Quốc gia | ||
| 260 | |c 2002 | ||
| 526 | |a Xã hội học tôn giáo,Xã hội học văn hóa | ||
| 526 | |b XN365,XN352 | ||
| 650 | |a Religion and culture,Xã hội học tôn giáo,Xã hội học,Sociology | ||
| 910 | |a Tuyến | ||
| 980 | |a Trung tâm Học liệu Trường Đại học Cần Thơ | ||